[Event "EU Union-ch U14"]
[Site "Kouty nad Desnou"]
[Date "2023.08.20"]
[Round "5"]
[White "Ciocirlan, Bianca Alexandra"]
[Black "Csernyik, Mark"]
[Result "0-1"]
[WhiteElo "1510"]
[BlackElo "1976"]
[PlyCount "102"]
[EventDate "2023.08.16"]
[EventType "swiss"]
[EventRounds "9"]
[EventCountry "CZE"]
[SourceTitle "EXT 2024"]
[Source "ChessBase"]
[SourceDate "2023.10.10"]
[SourceVersion "1"]
[SourceVersionDate "2023.10.10"]
[SourceQuality "1"]

1. e4 c5 2. Nf3 Nc6 3. d4 cxd4 4. Nxd4 d5 5. Nxc6 bxc6 6. exd5 Qxd5 7. Qxd5 cxd5 8. Bb5+ Bd7 9. Bxd7+ Kxd7 10. 0-0 Nf6 11. Bf4 e6 12. Nd2 Bd6 13. Bxd6 Kxd6 14. Rad1 Rhc8 15. c3 Rab8 16. Nb3 Nd7 17. Rb1 Nb6 18. Rfe1 Nc4 19. Re2 a5 20. Nc1 e5 21. f3 f6 22. Nd3 g5 23. Rbe1 h5 24. h3 Rc7 25. Kf2 Rcb7 26. b3 Na3 27. Rd2 Rc7 28. c4 d4 29. Nc1 Nb1 30. Rb2 Nc3 31. Rd2 a4 32. Kg3 Re7 33. Re3 Kc6 34. Rxd4 exd4 35. Rxe7 Nxa2 36. Nd3 axb3 37. Re6+ Kc7 38. Re2 Nc1 39. Nxc1 b2 40. Rxb2 Rxb2 41. Nd3 Rc2 42. Nb4 Rxc4 43. Nd5+ Kd6 44. Nxf6 Ke5 45. Ne4 d3 46. Nf2 d2 47. Kh2 Rc1 48. f4+ gxf4 49. h4 d1Q 50. Nd3+ Qxd3 51. g3 Qxg3# 0-1

[Event "EU Union-ch U14"]
[Site "Kouty nad Desnou"]
[Date "2023.08.17"]
[Round "2"]
[White "Ciocirlan, Bianca Alexandra"]
[Black "Haapsal, Maria Ioanna"]
[Result "1/2-1/2"]
[WhiteElo "1510"]
[BlackElo "1508"]
[PlyCount "144"]
[EventDate "2023.08.16"]
[EventType "swiss"]
[EventRounds "9"]
[EventCountry "CZE"]
[SourceTitle "EXT 2024"]
[Source "ChessBase"]
[SourceDate "2023.10.10"]
[SourceVersion "1"]
[SourceVersionDate "2023.10.10"]
[SourceQuality "1"]

1. e4 d5 2. exd5 Qxd5 3. Nc3 Qd6 4. Bc4 Nf6 5. d3 a6 6. Nge2 e6 7. Bf4 Qd8 8. Qd2 Be7 9. h3 b5 10. Bb3 Bb7 11. Rg1 Nbd7 12. g4 Nc5 13. h4 Nd5 14. Bxd5 exd5 15. d4 Ne6 16. g5 Nxf4 17. Qxf4 Qd7 18. Qe5 Rg8 19. h5 0-0-0 20. 0-0-0 b4 21. Nb1 Bd6 22. Qe3 Rde8 23. Qd3 Qa4 24. Qxh7 Qxa2 25. Qf5+ Kb8 26. Rge1 Qc4 27. Nd2 Qb5 28. Ng3 Bc8 29. Qxf7 Ref8 30. Qg6 Rxf2 31. Re3 Bf4 32. Rb3 Qa4 33. Kb1 Bxd2 34. h6 Qe8 35. h7 Rh8 36. Qxg7 Rf7 37. Qe5 Qxe5 38. dxe5 Bxg5 39. Rxb4+ Bb7 40. Rg4 Bd8 41. Rh1 Rfxh7 42. Rxh7 Rxh7 43. Rg8 Kc8 44. Nf5 c6 45. e6 Kc7 46. Re8 Bc8 47. e7 Bxe7 48. Rxe7+ Rxe7 49. Nxe7 Be6 50. Ng6 Kb6 51. Nf4 Bf5 52. Kc1 Kc5 53. Kd2 Kd4 54. Ne2+ Ke5 55. Nc1 c5 56. Nb3 Kd6 57. Kc3 Be6 58. Nc1 d4+ 59. Kd2 Bc4 60. c3 Ke5 61. b3 Bf1 62. Na2 d3 63. c4 Kd4 64. Nc3 Bg2 65. Na4 a5 66. Nb2 Be4 67. Na4 Bc6 68. Nb2 Be4 69. Na4 Bf5 70. Nb2 Bg6 71. Na4 Bf7 72. Nb2 Ke5 1/2-1/2

[Event "Balkan-ch U10 Girls"]
[Site "Tornelo INT"]
[Date "2020.10.31"]
[Round "3"]
[White "Siskou, Evangelia"]
[Black "Ciocirlan, Bianca Alexandra"]
[Result "0-1"]
[WhiteElo "1137"]
[BlackElo "1146"]
[PlyCount "118"]
[EventDate "2020.10.31"]
[EventType "swiss"]
[EventRounds "7"]
[EventCountry "NET"]
[SourceTitle "EXT 2023"]
[Source "ChessBase"]
[SourceDate "2022.10.05"]
[SourceVersion "1"]
[SourceVersionDate "2022.10.05"]
[SourceQuality "1"]

1. e4 e5 2. Nf3 Nc6 3. Bb5 a6 4. Ba4 Nf6 5. 0-0 b5 6. Bb3 Bc5 7. c3 0-0 8. Re1 d6 9. d4 exd4 10. cxd4 Bb6 11. h3 h6 12. Bf4 Re8 13. e5 dxe5 14. Bxe5 Nxe5 15. Nxe5 Bxd4 16. Bxf7+ Kf8 17. Bxe8 Nxe8 18. Qf3+ Qf6 19. Qxf6+ gxf6 20. Nf3 Bxb2 21. Nbd2 Bxa1 22. Rxa1 Bb7 23. Re1 Bd5 24. a3 c5 25. Nb1 Bxf3 26. gxf3 c4 27. Nc3 Rd8 28. Rd1 Rxd1+ 29. Nxd1 Ke7 30. Kf1 Ke6 31. Ke2 Ke5 32. Ke3 Nd6 33. Nc3 Nf5+ 34. Kd2 Nd4 35. Ne4 Nxf3+ 36. Ke3 f5 37. Nc5 Ng1 38. Nxa6 f4+ 39. Kd2 Nxh3 40. Ke2 Ng5 41. Nc7 f3+ 42. Ke3 h5 43. Nxb5 h4 44. Nd4 h3 45. Nxf3+ Nxf3 46. Kxf3 c3 47. Ke3 h2 48. f4+ Kf5 49. Kd3 h1Q 50. Kxc3 Qb1 51. a4 Kxf4 52. a5 Qb5 53. a6 Qxa6 54. Kb4 Qc6 55. Kb3 Ke3 56. Kb4 Kd3 57. Kb3 Qb5+ 58. Ka2 Kc2 59. Ka3 Qb3# 0-1

[Event "ROM-ch U10 Girls"]
[Site "Calimanesti Caciulata"]
[Date "2019.04.17"]
[Round "4.9"]
[White "Ciocirlan, Bianca Alexandra"]
[Black "Gheorghe, Raisa Maria"]
[Result "1/2-1/2"]
[WhiteElo "1074"]
[BlackElo "1020"]
[PlyCount "70"]
[EventDate "2019.04.15"]
[EventType "swiss"]
[EventRounds "9"]
[EventCountry "ROU"]
[SourceTitle "EXT 2024"]
[Source "ChessBase"]
[SourceDate "2023.10.10"]
[SourceVersion "1"]
[SourceVersionDate "2023.10.10"]
[SourceQuality "1"]

1. e4 d5 2. exd5 Qxd5 3. Nc3 Qa5 4. Bc4 Bf5 5. d3 Nf6 6. Nf3 e6 7. Bf4 Bb4 8. Bd2 c6 9. 0-0 0-0 10. a3 Bd6 11. Bg5 Nbd7 12. Re1 Rfe8 13. Qd2 Bg4 14. h3 Bxf3 15. gxf3 h6 16. Bh4 Nd5 17. Kh1 Nxc3 18. bxc3 Qf5 19. Kg2 Qg6+ 20. Bg3 Nf6 21. Kh2 Rad8 22. Rg1 Qf5 23. Bxd6 Rxd6 24. Qxh6 g6 25. Rg3 Nh5 26. Rg2 Qxf3 27. Rag1 Nf4 28. Rg3 Qxf2+ 29. Kh1 e5 30. Qh4 Qxc2 31. Qh6 Qxc3 32. Rxg6+ Nxg6 33. Rxg6+ Rxg6 34. Qxg6+ Kh8 35. Qh6+ Kg8 1/2-1/2

[Event "ROM-ch U10 Girls"]
[Site "Calimanesti Caciulata"]
[Date "2019.04.16"]
[Round "2.3"]
[White "Ciocirlan, Bianca Alexandra"]
[Black "Sida, Flavia Maria"]
[Result "0-1"]
[WhiteElo "1074"]
[BlackElo "1225"]
[PlyCount "180"]
[EventDate "2019.04.15"]
[EventType "swiss"]
[EventRounds "9"]
[EventCountry "ROU"]
[SourceTitle "EXT 2024"]
[Source "ChessBase"]
[SourceDate "2023.10.10"]
[SourceVersion "1"]
[SourceVersionDate "2023.10.10"]
[SourceQuality "1"]

1. d4 d5 2. Nc3 Nf6 3. Bf4 c5 4. Nf3 Bg4 5. h3 Bh5 6. Nb5 Na6 7. dxc5 Qa5+ 8. Nc3 Qxc5 9. e3 e6 10. Bd3 Be7 11. Qe2 Nc7 12. 0-0 0-0 13. Rfe1 Rac8 14. Qd1 Qb4 15. Rb1 Rfd8 16. e4 dxe4 17. Nxe4 Nxe4 18. Rxe4 Qb6 19. Be3 Qc6 20. g4 Bg6 21. Ne5 Qxe4 22. Nxg6 Qxg6 23. Bxg6 Rxd1+ 24. Rxd1 hxg6 25. Bxa7 Nd5 26. Bd4 Rxc2 27. a4 Rc4 28. a5 Bb4 29. b3 Rc6 30. Ra1 Ra6 31. Rc1 Rxa5 32. Rc8+ Kh7 33. Rd8 Be7 34. Rb8 Rb5 35. Rc8 Rxb3 36. Kg2 Nf4+ 37. Kh2 Rxh3+ 38. Kg1 Ne2+ 39. Kg2 Rh4 40. Be3 Rxg4+ 41. Kf3 Rb4 42. Kxe2 b5 43. Rc7 Bf6 44. Rxf7 Rb2+ 45. Kd3 b4 46. Rb7 Bc3 47. f4 Rb1 48. Rc7 Rd1+ 49. Kc2 Rd6 50. Rb7 Rd5 51. Rb6 e5 52. fxe5 Rxe5 53. Bf4 Re2+ 54. Kd3 Rf2 55. Bd6 Rf6 56. Ke4 Rf5 57. Bxb4 Bxb4 58. Rxb4 Rh5 59. Kf3 g5 60. Kg3 Kg6 61. Rb6+ Kh7 62. Kg4 Rh6 63. Rb5 Rg6 64. Rxg5 Kh6 65. Rxg6+ Kxg6 66. Kh4 Kf5 67. Kg3 Kg5 68. Kh3 Kf4 69. Kg2 Kg4 70. Kg1 Kg3 71. Kh1 Kf2 72. Kh2 g5 73. Kh3 Kf3 74. Kh2 g4 75. Kg1 Kg3 76. Kf1 Kh2 77. Kf2 g3+ 78. Kf1 g2+ 79. Ke2 g1Q 80. Kd3 Qg4 81. Kd2 Qf3 82. Kc2 Qe3 83. Kb2 Qd3 84. Kc1 Qe2 85. Kb1 Kg3 86. Ka1 Kf4 87. Kb1 Ke4 88. Ka1 Kd3 89. Kb1 Kc3 90. Ka1 Qb2# 0-1